BRIOZOUS, CUCS I ESPONGES - Estadísticas

Estadísticas generales
  • Esta prueba ha sido intentada 53 veces
  • La puntuación promedio es 8 de 9
Estadísticas de respuestas
Hint Respuesta % Correcto
54 Myriapora truncata
100%
53 Schizoporella errata
100%
59 Crambe crambe
94%
56 Lumbrineris impatiens
94%
58 Protula tubularia
94%
61 Sarcotragus fasciculatus
94%
60 Sarcotragus spinosulus
94%
57 Sabella spallanzanii
88%
55 Janua pagenstecheri
82%
No se encontraron pruebas coincidentes
Distribución de puntuación
Porcentaje de gente con cada puntuación
Porcentaje por número respondido
Historial de tus puntuaciones
No has intentado esta prueba.